000 00680nam a2200205Ia 4500
003 GCL
005 20240530102056.0
008 140319s9999 xx 000 0 ara d
040 _aGCL /
_cGCL
082 0 4 _a811.009
_bع م
100 1 _aعبدالله التطاوى
245 1 0 _aمصادر الفكر فى شعر ابى تمام /
_cعبدالله التطاوى
260 _a[S.N] :
_bدار الثقافة للنشر والتوزيع ،
_c1993
300 _a316 ص
650 0 4 _aالشعر العربى
650 0 4 _aابوتمام، حبيب بن اوس الطائى
650 0 4 _aتاريخ ونقد
700 1 _aعبدالله التطاوى
942 _2ddc
_cBK
999 _c29626
_d29626